000 01645nam a2200409Ia 4500
001 dia_6363
003 CHAP
005 20251023151441.0
008 220117s2013 xx 000 0 und d
010 _a177741
020 _a978-607-12-0321-2
040 _cCHAP
082 _a304.6097204 C37 2013
100 _aCastro Morales, Mayte Nataly
_9125630
245 _aPoblación y territorialidad : ruralidad y urbanismo en México 1930-2010 /
_c Mayte Nataly Castro Morales y Francisico Javier Ramírez Díaz
260 _aMéxico :
_b Universidad Autónoma Chapingo. Departamento de Sociología Rural,
_c2013
300 _a174 p.
440 _aColección Tlatemoa ; 10
_9145618
503 _aD.
504 _aBibliografía: p. 151-164
590 _aHB3531 C37 2013
650 _aDistribución de la población
_xMéxico
_9145619
650 _aHuman population
_xEconomical aspects
_xMexico
_9162039
650 _aHuman population
_xSocial aspects
_xMexico
_9162040
650 _aPoblación humana
_xAspectos económicos
_xMéxico
_9145621
650 _aPoblación humana
_xAspectos sociales
_xMéxico
_9145622
650 _aPoblación rural
_989447
650 _aPoblación urbana
_9145623
650 _aPopulation distribution
_xMexico
_9162041
650 _aRural population 1Urban population 1
_9162042
651 _aMéxico - Población - Siglo XX \ 7. Mexico - Population - 20th century
_9162043
700 _aRamírez Díaz, Francisico Javier, coaut.
_9145624
901 _a304.6097204 C37 2013
902 _aM
905 _a5232272013 mx mn 8223223322spa16
942 _cLIBRO
_2ddc
999 _c177741
_d177741